|
|
|
|
| LEADER |
00000nam0a2200000 4500 |
| 001 |
231 |
| 005 |
20240724131127.0 |
| 010 |
|
|
|a 5751107594
|
| 035 |
|
|
|a (RuTPU)RU\TPU\book\232
|
| 035 |
|
|
|a BOOK00000232
|
| 090 |
|
|
|a 231
|
| 100 |
|
|
|a 20011209d1995 k y0rusy50 ca
|
| 101 |
0 |
|
|a rus
|
| 102 |
|
|
|a RU
|
| 105 |
|
|
|a y z 000zy
|
| 200 |
1 |
|
|a Массовое сознание. Структура. Генезис. Сущностные характеристики (Вопросы теории и методологии)
|f Н. П. Кириллов
|g под ред. А. А. Корниенко
|h Книга 2
|
| 210 |
|
|
|d 1995
|a Томск
|c Изд-во Томского университета
|
| 215 |
|
|
|a 124 с.
|
| 330 |
|
|
|a В монографии рассматриваются тенденции развития массового сознания. Исследуются мифологизация, политизация и секуляризация массового сознания. Изучается структура массового сознания, в частности, такие элементы, как идеал, стереотип, имидж. Книга будет интересна не только тем, кто профессионально занимается проблемами такого сложного феномена, как массовое сознание, но и тем, кого вообще интересуют вопросы социальной психологии. Кроме того, монография может быть использовано в качестве учебного пособия
|
| 610 |
1 |
|
|a сознание
|
| 610 |
1 |
|
|a массовое сознание
|
| 610 |
1 |
|
|a социологические проблемы
|
| 610 |
1 |
|
|a психология
|
| 610 |
1 |
|
|a труды учёных ТПУ
|
| 686 |
|
|
|a Ю955
|2 rubbk
|
| 686 |
|
|
|a С55.57
|2 rubbk
|
| 700 |
|
1 |
|a Кириллов
|b Н. П.
|c российский философ
|c доктор философских наук, профессор Томского политехнического университета
|c член-корреспондент Сибирского отделения Академии наук высшей школы
|c академик Академии проблем качества РФ
|f 1939-
|g Николай Петрович
|3 (RuTPU)RU\TPU\pers\21962
|9 9281
|
| 702 |
|
1 |
|a Корниенко
|b А. А.
|c российский философ
|c профессор Томского политехнического университета
|c заведующая кафедрой философии
|f 1941-
|g Алла Александровна
|4 340
|
| 801 |
|
0 |
|a RU
|b 63413507
|c 20011209
|g PSBO
|
| 801 |
|
2 |
|a RU
|b 63413507
|c 20220427
|g PSBO
|
| 942 |
|
|
|c BK
|